[Event "Baku Open 2016"]
[Site "Baku AZE"]
[Date "2016.09.23"]
[Round "6.22"]
[White "Muradli, Mahammad"]
[Black "Abdulla, Khayala"]
[Result "1/2-1/2"]
[WhiteTitle "FM"]
[BlackTitle "WGM"]
[WhiteElo "2331"]
[BlackElo "2214"]
[WhiteFideId "13409301"]
[BlackFideId "13401807"]
[EventDate "2016.09.18"]

1. d4 Nf6 2. Nf3 e6 3. c4 Bb4+ 4. Bd2 Bxd2+ 5. Qxd2 d5 6. Nc3 O-O 7. e3 Qe7 8.
Bd3 a6 9. a3 dxc4 10. Bxc4 c5 11. dxc5 Qxc5 12. Be2 Nc6 13. b4 Qe7 14. O-O e5
15. Qb2 Bg4 16. h3 Bh5 17. Rfd1 Rfd8 18. Ne1 Bxe2 19. Qxe2 Rac8 20. Rxd8+ Nxd8
21. Na4 Ne6 22. Nd3 Nd7 23. Rc1 Rxc1+ 24. Nxc1 b5 25. Nc3 Nb6 26. Nd3 Qc7 27.
Ne4 Qc4 28. Nd6 Qc7 29. Ne4 Nc4 30. Nec5 Nxc5 31. Nxc5 Qd6 32. Qf3 g6 33. Qa8+
Kg7 34. Ne4 Qe6 35. Qa7 Nd6 36. Nxd6 Qxd6 37. g3 Qe6 38. e4 h5 39. Kg2 g5 40.
Qc7 Qf6 41. Qd7 Qg6 42. Kf3 Qf6+ 43. Ke2 Qb6 44. Qf5 f6 45. Qd7+ Kg6 46. Kf3 a5
47. Qe8+ Kh6 48. Qh8+ Kg6 49. Qg8+ Kh6 50. Qh8+ Kg6 51. Qa8 axb4 52. axb4 Qe6
53. Kg2 Qc4 54. Qe8+ Kh6 55. Qh8+ Kg6 56. Qe8+ Kh6 57. Qf8+ Kg6 58. Kh2 Qe2 59.
Qg8+ Kh6 60. Qh8+ Kg6 61. Qg8+ 1/2-1/2

[Event "Baku Open 2016"]
[Site "Baku AZE"]
[Date "2016.09.23"]
[Round "6.23"]
[White "Aliyev, Ravan"]
[Black "Orujov, Shujaat"]
[Result "1-0"]
[WhiteElo "2225"]
[BlackElo "2260"]
[WhiteFideId "13409980"]
[BlackFideId "13403613"]
[EventDate "2016.09.18"]

1. d4 Nf6 2. c4 g6 3. Nc3 Bg7 4. Nf3 O-O 5. Bf4 d6 6. e3 Bf5 7. h3 c6 8. Be2 Ne4
9. Nxe4 Bxe4 10. O-O h6 11. Bh2 Na6 12. Bd3 Bxd3 13. Qxd3 Re8 14. Rfd1 Qb6 15.
a3 e5 16. Qc2 e4 17. Nd2 f5 18. Bxd6 c5 19. dxc5 Nxc5 20. Bxc5 Qxc5 21. b4 Qe5
22. Rab1 f4 23. exf4 Qxf4 24. Nf1 Rad8 25. Rxd8 Rxd8 26. Rd1 Rd4 27. Ne3 Qd6 28.
Rxd4 Qxd4 29. c5 Kf8 30. g3 Qd3 31. Qxd3 exd3 32. Kf1 Ke7 33. Nd5+ Kd7 34. Nf4
Kc6 35. Nxd3 Kb5 36. Ke2 Ka4 37. Ke3 a6 38. Nf4 Kxa3 39. Nd5 Kb3 40. Kd3 h5 41.
f4 Bb2 42. g4 hxg4 43. hxg4 Ba1 44. Ke4 Kc4 45. Ne3+ Kb3 46. f5 g5 47. Kd3 Bh8
48. Nd5 Bb2 49. f6 Ba1 50. f7 Bg7 51. Ke4 Kc4 52. Nf6 Kxb4 53. Nd7 1-0

[Event "Baku Open 2016"]
[Site "Baku AZE"]
[Date "2016.09.23"]
[Round "6.24"]
[White "Rayes, Abdul Kader"]
[Black "Paramzina, Anastasya"]
[Result "0-1"]
[BlackTitle "WFM"]
[WhiteElo "2254"]
[BlackElo "2164"]
[WhiteFideId "7600801"]
[BlackFideId "4165012"]
[EventDate "2016.09.18"]

1. d4 Nf6 2. Nf3 d5 3. g3 Bf5 4. Bg2 e6 5. O-O c6 6. c4 Be7 7. Nc3 O-O 8. Qb3
Qb6 9. c5 Qxb3 10. axb3 Nbd7 11. b4 a6 12. Bf4 h6 13. Nd2 g5 14. Bc7 Rac8 15.
Ba5 Bh7 16. Rfe1 Rfe8 17. f4 gxf4 18. gxf4 Nh5 19. e3 Ng7 20. Nf3 Nf5 21. Kf2
Nh4 22. Rg1 Nxg2 23. Rxg2+ Kf8 24. Rag1 Bf6 25. Ke2 Ke7 26. Kd2 Nf8 27. Ne5 Ng6
28. Ng4 Bg7 29. Nf2 Bh8 30. Ke2 Rg8 31. Na4 Bxd4 32. h4 Bf6 33. h5 Nh4 34. Rxg8
Rxg8 35. Rxg8 Bxg8 36. Bc7 Nf5 37. Kf3 Bg7 38. Be5 f6 39. Bd4 Bf7 40. Kg4 Nxd4
41. exd4 f5+ 42. Kh4 Bf6+ 43. Kh3 Bxd4 44. Nd3 Bxh5 0-1

[Event "Baku Open 2016"]
[Site "Baku AZE"]
[Date "2016.09.23"]
[Round "6.25"]
[White "Fendereski, Nima"]
[Black "Zherebtsova, Alexandra"]
[Result "1-0"]
[BlackTitle "WFM"]
[WhiteElo "2238"]
[BlackElo "2159"]
[WhiteFideId "12533807"]
[BlackFideId "24129518"]
[EventDate "2016.09.18"]

1. e4 e5 2. Nf3 Nc6 3. Bb5 a6 4. Ba4 Nf6 5. O-O Be7 6. Re1 b5 7. Bb3 d6 8. c3
O-O 9. d4 Bg4 10. Be3 Bh5 11. h3 exd4 12. cxd4 Na5 13. Bc2 c5 14. Nbd2 Rc8 15.
Rc1 cxd4 16. Bxd4 Nc6 17. Nb3 Nxd4 18. Nbxd4 Re8 19. a4 b4 20. Qd3 a5 21. Nf5
Bf8 22. N3d4 Bg6 23. Qf3 Qb6 24. Bd3 Nd7 25. Bb5 Rc7 26. Rxc7 Qxc7 27. Qf4 Rc8
28. Ne3 Ne5 29. Nd5 Qa7 30. Rd1 Rc5 31. Qe3 f5 32. Nb3 fxe4 33. Nxc5 dxc5 34.
Nf4 Bf5 35. Ne2 Qe7 36. Ng3 Bg6 37. Nxe4 Nf7 38. Re1 Qe5 39. b3 Qb2 40. Bc4 Kh8
41. Qf3 1-0

[Event "Baku Open 2016"]
[Site "Baku AZE"]
[Date "2016.09.23"]
[Round "6.26"]
[White "Soyunlu, Narmin"]
[Black "Derakhshani, Borna"]
[Result "0-1"]
[BlackTitle "FM"]
[WhiteElo "2095"]
[BlackElo "2244"]
[WhiteFideId "13400843"]
[BlackFideId "12518450"]
[EventDate "2016.09.18"]

1. d4 Nf6 2. c4 e6 3. Nc3 Bb4 4. g3 d5 5. Nf3 Nc6 6. Bg2 dxc4 7. O-O O-O 8. Bg5
Rb8 9. e4 h6 10. Bxf6 Qxf6 11. e5 Qd8 12. Rc1 b5 13. Ne4 Bb7 14. a3 Be7 15. Qd2
Nb4 16. Ne1 Na6 17. Qe3 Bd5 18. Nf3 c6 19. Nfd2 Qb6 20. b4 cxb3 21. Nc5 Bxg2 22.
Kxg2 b2 23. Rc2 Rfd8 24. Nde4 Rd5 25. Nc3 Rxc5 26. dxc5 Bxc5 27. Qf3 Bxa3 28.
Ne4 Bf8 29. Rxc6 Qa5 30. Rc2 Qa1 31. Qb3 Qa4 32. Nd2 Qxb3 33. Nxb3 Ba3 34. Na5
Nc5 35. Nc6 Rb6 36. Nxa7 Nd3 37. f4 Nc1 0-1

[Event "Baku Open 2016"]
[Site "Baku AZE"]
[Date "2016.09.24"]
[Round "7.1"]
[White "Abasov, Nijat"]
[Black "Bogdanovich, Stanislav"]
[Result "0-1"]
[WhiteTitle "GM"]
[BlackTitle "IM"]
[WhiteElo "2552"]
[BlackElo "2591"]
[WhiteFideId "13402960"]
[BlackFideId "14115298"]
[EventDate "2016.09.18"]

1. e4 e5 2. Nf3 Nc6 3. Bb5 g6 4. O-O Bg7 5. c3 a6 6. Bxc6 dxc6 7. d4 exd4 8.
cxd4 Ne7 9. h3 O-O 10. Nc3 h6 11. Bf4 g5 12. Be5 Ng6 13. Bxg7 Kxg7 14. d5 c5 15.
Re1 Re8 16. Qb3 h5 17. Na4 g4 18. hxg4 hxg4 19. Qc3+ Qf6 20. e5 Qf4 21. e6+ f6
22. Nd2 Rh8 23. Ne4 Qh2+ 24. Kf1 Qf4 25. Qc2 Qf5 26. Kg1 Qh5 27. f3 Nf4 28. Kf2
Qh4+ 29. Ng3 Nh5 30. Re4 Qxg3+ 31. Ke3 gxf3 32. gxf3 Qg5+ 33. Kd3 Qxd5+ 34. Kc3
Bxe6 35. Rd1 Qf5 36. Qf2 b6 0-1

[Event "Baku Open 2016"]
[Site "Baku AZE"]
[Date "2016.09.24"]
[Round "7.2"]
[White "Artemiev, Vladislav"]
[Black "Sjugirov, Sanan"]
[Result "1/2-1/2"]
[WhiteTitle "GM"]
[BlackTitle "GM"]
[WhiteElo "2663"]
[BlackElo "2653"]
[WhiteFideId "24101605"]
[BlackFideId "4189302"]
[EventDate "2016.09.18"]

1. c4 Nf6 2. g3 e6 3. Bg2 d5 4. Nf3 dxc4 5. Qa4+ Nbd7 6. Qxc4 c5 7. Qb3 Rb8 8.
d3 Bd6 9. a4 b6 10. Na3 a6 11. O-O O-O 12. Nc4 Bc7 13. Bd2 Bb7 14. Rfc1 Nd5 15.
Qd1 Rc8 16. Qe1 a5 17. Bc3 Re8 18. Nfd2 e5 19. Qd1 Ba8 20. Bh3 Rb8 21. e4 N5f6
22. Nf3 Bb7 23. Qb3 Ba6 24. Re1 Qe7 25. Rad1 g6 26. Ne3 Bb7 27. Qb5 Nf8 28. Nc4
N6d7 29. Re2 Red8 30. Rde1 Qf6 31. Kg2 Bc6 32. Qb3 Qe7 33. Kg1 Qf6 34. Kg2 Qe7
35. Qa2 Bb7 36. Kg1 Qf6 37. Kg2 Qe7 38. b3 Re8 39. Qb2 Rbd8 40. Kg1 f6 41. Ne3 1/2-1/2

[Event "Baku Open 2016"]
[Site "Baku AZE"]
[Date "2016.09.24"]
[Round "7.3"]
[White "Lenderman, Aleksandr"]
[Black "Bajarani, Ulvi"]
[Result "1/2-1/2"]
[WhiteTitle "GM"]
[BlackTitle "GM"]
[WhiteElo "2600"]
[BlackElo "2509"]
[WhiteFideId "2021285"]
[BlackFideId "13403028"]
[EventDate "2016.09.18"]

1. d4 d5 2. c4 c6 3. Nc3 Nf6 4. cxd5 cxd5 5. Bf4 Nc6 6. e3 Bf5 7. Qb3 Na5 8.
Qa4+ Bd7 9. Qc2 e6 10. Nf3 Be7 11. h3 O-O 12. Bd3 Rc8 13. O-O Nc4 14. Rfc1 a6
15. Qe2 b5 16. a3 Qb6 17. Bg5 h6 18. Bh4 Bc6 19. a4 Rfd8 20. axb5 axb5 21. Ne5
Kf8 22. Nxc6 Qxc6 23. b3 Nd6 24. Rc2 Qxc3 25. Rxc3 Rxc3 26. Rb1 b4 27. f3 Nde8
28. Be1 Rcc8 29. Ra1 Rd7 30. Bd2 Rb8 31. g4 Bd6 32. Ra4 Rdb7 33. Ra6 Rb6 34.
Rxb6 Rxb6 35. h4 Nc7 36. Kg2 Nd7 37. Qe1 Nb8 38. f4 Nc6 39. Qa1 Ke7 40. Kf3 Kd7
41. Qb1 Rb8 42. Be2 g6 43. Qh1 Be7 44. Kg3 Ra8 45. Qb1 Bd6 46. Kh3 Ne7 47. Bd3
h5 48. gxh5 gxh5 49. Qd1 Ra2 50. Be2 Nf5 51. Bxh5 Nb5 52. Qc1 Be7 53. Be1 Ra8
54. Be2 Nc3 55. Bd3 Nxh4 56. Bxc3 Rc8 57. Qa1 bxc3 58. Qa4+ Kd8 59. b4 Nf5 60.
Qa5+ Ke8 61. Bxf5 exf5 62. Qb5+ Kf8 63. Qb7 Re8 64. b5 Ba3 65. Qc6 Rxe3+ 66. Kg2
Re2+ 67. Kf1 c2 68. Qa8+ Kg7 69. Qxa3 Rd2 70. Qg3+ Kf8 71. Qa3+ Kg7 72. Qg3+ Kf8 1/2-1/2

[Event "Baku Open 2016"]
[Site "Baku AZE"]
[Date "2016.09.24"]
[Round "7.4"]
[White "Rasulov, Vugar"]
[Black "Amin, Bassem"]
[Result "0-1"]
[WhiteTitle "GM"]
[BlackTitle "GM"]
[WhiteElo "2487"]
[BlackElo "2661"]
[WhiteFideId "13402390"]
[BlackFideId "10601457"]
[EventDate "2016.09.18"]

1. Nf3 Nf6 2. d4 g6 3. c4 Bg7 4. Nc3 O-O 5. Bf4 d6 6. h3 c5 7. e3 cxd4 8. exd4
Nc6 9. d5 e5 10. dxe6 Re8 11. Be2 Bxe6 12. O-O d5 13. Ng5 d4 14. Nb5 h6 15. Nxe6
fxe6 16. Bh2 e5 17. c5 Bf8 18. Qb3+ Kg7 19. Nd6 Bxd6 20. Qxb7+ Qc7 21. Qb5 Bf8
22. Bf3 Rac8 23. Rfe1 Qd7 24. Bxc6 Qxc6 25. Qxc6 Rxc6 26. Bxe5 Rce6 0-1

[Event "Baku Open 2016"]
[Site "Baku AZE"]
[Date "2016.09.24"]
[Round "7.5"]
[White "Lupulescu, Constantin"]
[Black "Idani, Pouya"]
[Result "1-0"]
[WhiteTitle "GM"]
[BlackTitle "GM"]
[WhiteElo "2618"]
[BlackElo "2543"]
[WhiteFideId "1207822"]
[BlackFideId "12510130"]
[EventDate "2016.09.18"]

1. e4 c5 2. Nf3 d6 3. Bb5+ Bd7 4. Bxd7+ Qxd7 5. c4 e5 6. Nc3 g6 7. d3 Bg7 8. a3
Nc6 9. b4 Nge7 10. bxc5 dxc5 11. O-O O-O 12. Nd5 Nxd5 13. cxd5 Nd4 14. Be3 b5
15. a4 a6 16. Bxd4 cxd4 17. axb5 axb5 18. Qb3 Rac8 19. Rfc1 Rfd8 20. g3 h5 21.
Kg2 Qb7 22. Rab1 1-0

[Event "Baku Open 2016"]
[Site "Baku AZE"]
[Date "2016.09.24"]
[Round "7.6"]
[White "Mammadov, Zaur"]
[Black "Golubov, Saveliy"]
[Result "1-0"]
[WhiteTitle "GM"]
[BlackTitle "IM"]
[WhiteElo "2437"]
[BlackElo "2481"]
[WhiteFideId "13401033"]
[BlackFideId "24176729"]
[EventDate "2016.09.18"]

1. d4 Nf6 2. Nf3 e6 3. e3 b6 4. Bd3 Bb7 5. O-O c5 6. Nbd2 Be7 7. c4 cxd4 8. Nxd4
O-O 9. b3 d6 10. Bb2 Nbd7 11. Rc1 a6 12. Qe2 Qc7 13. Rfd1 Rac8 14. Nf1 Qb8 15.
f3 Rfe8 16. Bb1 Bf8 17. Qf2 e5 18. Ne2 b5 19. cxb5 axb5 20. Rxc8 Rxc8 21. Qh4 g6
22. Kh1 Qa8 23. e4 Qa7 24. Bc1 d5 25. Bg5 Bg7 26. exd5 Nxd5 27. Nfg3 N7f6 28.
Ne4 Qb6 29. Bd3 Ne8 30. Bc1 f5 31. Ng5 Nef6 32. Bb2 Re8 33. Nc3 h6 34. Nh3 Nxc3
35. Bxc3 e4 36. fxe4 fxe4 37. Be2 g5 38. Qg3 Nd5 39. Bxg7 Kxg7 40. Bh5 Rf8 41.
Qe5+ Kg8 42. Bg4 Nf6 43. Be6+ Kh8 44. Ng1 e3 45. Rd6 Qc7 46. Bf5 b4 47. Bd3 Qg7
48. h3 g4 49. h4 g3 50. Bf5 Rf7 51. Qxe3 Re7 52. Rd8+ Ng8 53. Be6 Bc6 54. Rxg8+
Qxg8 55. Qxh6+ 1-0

[Event "Baku Open 2016"]
[Site "Baku AZE"]
[Date "2016.09.24"]
[Round "7.7"]
[White "Bodnaruk, Anastasia"]
[Black "Sindarov, Javokhir"]
[Result "1/2-1/2"]
[WhiteTitle "IM"]
[BlackTitle "CM"]
[WhiteElo "2465"]
[BlackElo "2415"]
[WhiteFideId "4181751"]
[BlackFideId "14205483"]
[EventDate "2016.09.18"]

1. e4 e5 2. Nf3 Nc6 3. Bb5 a6 4. Ba4 g6 5. d4 exd4 6. c3 Bg7 7. cxd4 b5 8. Bb3
d6 9. d5 Na5 10. Bc2 c5 11. dxc6 Nxc6 12. h3 Nge7 13. Nc3 O-O 14. O-O b4 15. Na4
Be6 16. Be3 Rb8 17. Qe2 Qa5 18. Rfd1 Rfd8 19. Ng5 Qb5 20. Qe1 Bc4 21. Rd2 h6 22.
Nf3 Qa5 23. Nd4 Rdc8 24. Qd1 Nxd4 25. Bxd4 Be5 26. Bb3 Bf4 27. Bf6 Bxb3 28. axb3
Qc7 29. Rd4 Qa7 30. Rxd6 Bxd6 31. Qxd6 Nc6 32. Rc1 Na5 33. Rd1 Rc6 34. Qf4 Rbc8
35. Bd4 Qe7 36. Qxh6 f6 37. Nb6 Rd8 38. Nd5 Qg7 39. Nxf6+ Qxf6 40. Bxf6 Rxd1+
41. Kh2 Rxf6 42. Qg5 Rdd6 43. Qxa5 Rxf2 44. Qxb4 Rdd2 45. Qb8+ Kg7 46. Qb7+ Kh6
47. e5 Rxb2 48. Kg3 Rxg2+ 49. Kf4 Rgf2+ 50. Ke4 Rbe2+ 51. Kd4 Rf4+ 52. Kd5 Rf5
53. Qb8 Rexe5+ 54. Qxe5 Rxe5+ 55. Kxe5 Kg5 56. b4 Kh4 57. Kf6 Kxh3 58. Kxg6 Kg4
59. Kf6 Kf4 60. Ke6 Ke4 61. Kd6 Kd4 62. Kc6 Kc4 63. Kb6 Kxb4 64. Kxa6 1/2-1/2

[Event "Baku Open 2016"]
[Site "Baku AZE"]
[Date "2016.09.24"]
[Round "7.8"]
[White "Mamedjarova, Zeinab"]
[Black "Alavi, Sayed Javad"]
[Result "0-1"]
[WhiteTitle "WGM"]
[BlackTitle "IM"]
[WhiteElo "2295"]
[BlackElo "2453"]
[WhiteFideId "13401521"]
[BlackFideId "12500607"]
[EventDate "2016.09.18"]

1. d4 Nf6 2. e3 e6 3. Bd3 b6 4. Nd2 Bb7 5. Ngf3 c5 6. O-O cxd4 7. exd4 Be7 8. c3
O-O 9. Qe2 d6 10. Ng5 Nbd7 11. f4 h6 12. Ngf3 Re8 13. a4 a6 14. Nc4 Bf8 15. Bd2
Nd5 16. Rae1 f5 17. Qf2 N5f6 18. Bc1 Be4 19. Qe2 Bc6 20. Qd1 b5 21. axb5 axb5
22. Ne3 Rb8 23. d5 Nxd5 24. Nd4 Nxe3 25. Bxe3 Qc8 26. Nxc6 Qxc6 27. Bd4 Nc5 28.
Bc2 Na4 29. Qb1 b4 30. Qa2 Nc5 31. cxb4 Rxb4 32. Bc3 Rbb8 33. Bxf5 Ra8 34. Qc4
d5 35. Be4 Qb7 36. Bxd5 exd5 37. Qd4 Ne4 0-1

[Event "Baku Open 2016"]
[Site "Baku AZE"]
[Date "2016.09.24"]
[Round "7.9"]
[White "Ameir, Moheb"]
[Black "Abdulov, Orkhan"]
[Result "0-1"]
[WhiteTitle "IM"]
[BlackTitle "IM"]
[WhiteElo "2431"]
[BlackElo "2372"]
[WhiteFideId "10600620"]
[BlackFideId "13402714"]
[EventDate "2016.09.18"]

1. e4 c5 2. Nf3 Nc6 3. Bb5 g6 4. Bxc6 bxc6 5. O-O Bg7 6. Re1 Nh6 7. c3 O-O 8. d4
cxd4 9. cxd4 d5 10. e5 f6 11. h3 fxe5 12. Nxe5 Qb6 13. Bxh6 Bxh6 14. Qc2 Rf6 15.
Qc3 Rb8 16. b3 Qb4 17. Rd1 Re6 18. Nd3 Qd6 19. Nd2 Rf6 20. Ne5 Bf5 21. Nf1 Rbf8
22. Ne3 Bg7 23. Rac1 Bd7 24. Qc5 Be8 25. Rd2 Qe6 26. Re1 h5 27. Qxa7 Rf4 28. Nd1
Qf6 29. Nf3 Rxf3 30. Rxe7 Rf4 0-1

[Event "Baku Open 2016"]
[Site "Baku AZE"]
[Date "2016.09.24"]
[Round "7.10"]
[White "Hesham, Abdelrahman"]
[Black "Abdisalimov, Abdimalik"]
[Result "1-0"]
[WhiteTitle "GM"]
[BlackTitle "FM"]
[WhiteElo "2419"]
[BlackElo "2310"]
[WhiteFideId "10600183"]
[BlackFideId "14206323"]
[EventDate "2016.09.18"]

1. d4 Nf6 2. c4 e6 3. Nf3 b6 4. g3 Bb7 5. Bg2 Bb4+ 6. Nbd2 c5 7. a3 Bxd2+ 8.
Bxd2 O-O 9. dxc5 bxc5 10. O-O d5 11. cxd5 exd5 12. Rc1 Nbd7 13. b4 c4 14. Bc3
Re8 15. Nd2 Rb8 16. Bd4 Qe7 17. Bxa7 Ra8 18. Bd4 Rxa3 19. b5 Ba8 20. e3 Rb8 21.
Nb1 Rd3 22. Qa4 Rb3 23. Nc3 Ra3 24. Qc2 Qe6 25. Ra1 Rxa1 26. Rxa1 h5 27. Ra6 Qe7
28. Qf5 Bb7 29. Nxd5 Nxd5 30. Bxd5 Bxd5 31. Qxd5 c3 32. Bxc3 Qc5 33. Qxc5 Nxc5
34. Ra5 Rb7 35. b6 Ne6 36. Rb5 Kf8 37. f4 Ke7 38. f5 Ng5 39. h4 1-0

[Event "Baku Open 2016"]
[Site "Baku AZE"]
[Date "2016.09.24"]
[Round "7.11"]
[White "Idrisov, Tabriz"]
[Black "Bayramov, Elvin"]
[Result "0-1"]
[WhiteElo "2289"]
[BlackElo "2263"]
[WhiteFideId "13402870"]
[BlackFideId "13406655"]
[EventDate "2016.09.18"]

1. d4 Nf6 2. Nf3 g6 3. Bg5 Ne4 4. Bh4 Bg7 5. e3 b6 6. Bd3 Bb7 7. O-O O-O 8. c3
d5 9. Nbd2 Nd7 10. a4 a5 11. Rc1 c5 12. Re1 h6 13. c4 g5 14. Bg3 Nxd2 15. Nxd2
cxd4 16. exd4 f5 17. Qe2 f4 18. Qe6+ Kh8 19. Qg6 Nf6 20. Re6 Kg8 21. Bxf4 gxf4
22. Rce1 Qe8 23. Rxb6 Qxg6 24. Bxg6 Ba6 25. Rxe7 dxc4 26. Ree6 Bc8 27. Red6 Bd7
28. Nxc4 Rac8 29. b3 Bxa4 30. Bf5 Rfe8 31. h3 Bxb3 32. Bxc8 Bxc4 33. Bf5 Rf8 34.
Rdc6 Ba2 35. Rc2 Bf7 36. Ra6 a4 37. Rc7 Bb3 38. Bc2 Rb8 39. Bg6 f3 40. Raa7 Bf8
41. Rc6 Nd5 42. Be4 Ne7 43. Rc3 Nc8 44. Ra6 Nd6 45. Bxf3 Nb5 46. Rxb3 axb3 47.
Bd5+ Kh8 48. Bxb3 Nc7 49. Rf6 Bg7 50. Rf7 Nb5 51. d5 Nd6 52. Rf3 Rb4 53. g3 Bd4
54. Bc2 Rb2 55. Bd3 Rd2 56. Bg6 Kg7 57. Rd3 Bxf2+ 58. Kf1 Rb2 59. Bh5 Nf5 60.
Kg2 Bxg3+ 61. Kg1 Bf2+ 62. Kg2 Bh4+ 63. Kf3 Rf2+ 64. Ke4 Bg5 0-1

[Event "Baku Open 2016"]
[Site "Baku AZE"]
[Date "2016.09.24"]
[Round "7.12"]
[White "Pourramezanali, Amirreza"]
[Black "Gadimbayli, Abdulla"]
[Result "1/2-1/2"]
[WhiteTitle "IM"]
[BlackTitle "FM"]
[WhiteElo "2532"]
[BlackElo "2294"]
[WhiteFideId "12511412"]
[BlackFideId "13404938"]
[EventDate "2016.09.18"]

1. d4 d5 2. c4 c6 3. Nc3 Nf6 4. e3 e6 5. Nf3 Nbd7 6. Bd3 Be7 7. O-O b6 8. b3 Bb7
9. Bb2 O-O 10. Qc2 h6 11. Rad1 Qc7 12. h3 Rad8 13. Ne5 Nxe5 14. dxe5 dxc4 15.
Bxc4 Nd7 16. Ne4 Nxe5 17. Be2 c5 18. Ng3 Nd7 19. Nh5 Nf6 20. Nxf6+ Bxf6 21. Bxf6
gxf6 22. b4 Qe5 23. bxc5 bxc5 24. Rxd8 Rxd8 25. Rc1 Qe4 26. Qxe4 Bxe4 27. Rxc5
Rd2 28. Bc4 Rc2 29. Rc8+ Kg7 30. a3 Rc1+ 31. Kh2 Bb7 32. Rb8 Rxc4 33. Rxb7 Ra4
34. Rb3 f5 35. f4 Kf6 36. Kg3 Ke7 37. Rd3 Kf6 38. Kf3 Kg6 39. g4 fxg4+ 40. hxg4
h5 1/2-1/2

[Event "Baku Open 2016"]
[Site "Baku AZE"]
[Date "2016.09.24"]
[Round "7.14"]
[White "Guliev, Sarhan"]
[Black "Vokhidov, Shamsiddin"]
[Result "0-1"]
[WhiteTitle "GM"]
[BlackTitle "IM"]
[WhiteElo "2416"]
[BlackElo "2364"]
[WhiteFideId "13400231"]
[BlackFideId "14204223"]
[EventDate "2016.09.18"]

1. d4 Nf6 2. c4 e6 3. Nc3 Bb4 4. e3 O-O 5. Nf3 d5 6. Bd3 c5 7. O-O Nc6 8. cxd5
exd5 9. a3 Bxc3 10. bxc3 c4 11. Bc2 Bg4 12. Qe1 Re8 13. Nd2 Bh5 14. a4 Bg6 15.
Bxg6 hxg6 16. Ba3 Qa5 17. Qc1 Rad8 18. f3 Re6 19. Re1 Rde8 20. Nf1 Nd7 21. Qb2
b6 22. Qc2 f5 23. Reb1 Qa6 24. a5 b5 25. Qb2 Rb8 26. e4 fxe4 27. fxe4 Rxe4 28.
Bd6 Rb7 29. Qa3 Re6 30. Bc5 Nf6 31. Nd2 Re2 32. Nf3 Ne4 33. Qc1 Rf7 34. Rb2 Rxb2
35. Qxb2 Qc8 36. a6 Qb8 37. Re1 g5 38. Rxe4 dxe4 39. Nxg5 Rf5 40. Qc1 Qf4 41.
Qxf4 Rxf4 42. g3 Rg4 43. Ne6 e3 44. Nf4 Rg5 45. Kf1 Rf5 46. Ke2 Rf7 47. Kxe3 Nb8
48. h4 Nxa6 49. Ba3 Rb7 50. Kd2 Nc7 51. d5 Nxd5 0-1

[Event "Baku Open 2016"]
[Site "Baku AZE"]
[Date "2016.09.24"]
[Round "7.15"]
[White "Naghdiyev, Niyazi"]
[Black "Karayev, Kanan"]
[Result "1-0"]
[WhiteTitle "FM"]
[BlackTitle "CM"]
[WhiteElo "2366"]
[BlackElo "2266"]
[WhiteFideId "13405519"]
[BlackFideId "13406671"]
[EventDate "2016.09.18"]

1. d4 Nf6 2. c4 g6 3. Nf3 Bg7 4. g3 O-O 5. Bg2 d6 6. O-O Nbd7 7. Nc3 e5 8. e4 c6
9. dxe5 Nxe5 10. Nxe5 dxe5 11. Qxd8 Rxd8 12. b3 Be6 13. Na4 b6 14. Bb2 Nd7 15.
Rad1 Nc5 16. Nxc5 bxc5 17. Bc3 a5 18. a4 Rdb8 19. Rb1 g5 20. Rfd1 g4 21. Bf1 Kf8
22. Bd3 Ke8 23. Bc2 Rd8 24. Kg2 f6 25. Bd2 Bf8 26. Be3 Be7 27. Rxd8+ Rxd8 28.
Kf1 Kf7 29. Ke2 h5 30. Rd1 Rxd1 31. Kxd1 Bc8 32. Ke2 Bd6 33. Bd2 Bc7 34. Kf1 Kg6
35. Kg2 Kf7 36. Bd3 Kg7 37. Be2 Kg6 38. f3 gxf3+ 39. Bxf3 Bg4 40. h3 Bxf3+ 41.
Kxf3 Kf7 42. g4 Kg6 43. Kg3 Bd8 44. Bc1 Be7 45. Be3 h4+ 46. Kxh4 f5+ 47. g5 f4
48. Bf2 Bxg5+ 49. Kg4 Be7 50. h4 Kf6 51. h5 Kg7 52. Kf5 Kh6 53. Kxe5 Bg5 54. Kd6
f3 55. Kxc6 Kxh5 56. e5 Bh4 57. Bxc5 Be7 58. Ba7 Kg6 59. Kd7 Kf7 60. e6+ Kf8 61.
Bf2 1-0

[Event "Baku Open 2016"]
[Site "Baku AZE"]
[Date "2016.09.24"]
[Round "7.16"]
[White "Sadikhov, Ulvi"]
[Black "Fendereski, Nima"]
[Result "1/2-1/2"]
[WhiteTitle "IM"]
[WhiteElo "2409"]
[BlackElo "2238"]
[WhiteFideId "13401416"]
[BlackFideId "12533807"]
[EventDate "2016.09.18"]

1. e4 e5 2. Nf3 Nc6 3. Bb5 a6 4. Ba4 Nf6 5. d3 d6 6. c3 g6 7. O-O Bg7 8. Re1 O-O
9. h3 b5 10. Bc2 Bb7 11. Nbd2 Na5 12. b4 Nc6 13. a4 Nd7 14. Nf1 Ne7 15. Ne3 Nb6
16. a5 Nd7 17. Bb3 c5 18. Bd2 cxb4 19. cxb4 Rc8 20. Qb1 Nf6 21. Qa2 h6 22. Rac1
Rxc1 23. Rxc1 Qd7 24. Bc3 Nh5 25. Rd1 Nf4 26. Ng4 Kh7 27. Bxf7 Nc8 28. Bb3 Nxh3+
29. gxh3 Rxf3 30. Nh2 Rf8 31. Kg2 Ne7 32. f3 d5 33. Ng4 d4 34. Bd2 h5 35. Nf2
Qd6 36. Rc1 Rc8 37. Rxc8 Bxc8 38. Qc2 Qc6 39. Qd1 Bh6 40. Bxh6 Kxh6 41. Qd2+ Kg7
42. h4 Qf6 43. Kg3 Qd6 44. Bd5 Nxd5 45. exd5 e4+ 46. Kg2 e3 47. Qc1 Bd7 48. Ne4
Qxd5 49. Qc7 Qa2+ 50. Kg3 Qe6 51. Kg2 Qa2+ 52. Kg3 Qe6 53. Ng5 Qe7 54. Ne4 Qe6 1/2-1/2